Die chemischen Pflanzenschutzmittel : ihre Anwendung und Wirkung /

Hlavní autor: Vogt, Ernst, 1890-1972
Jazyk: Němčina
Vydáno: Berlin ; Walter de Gruyter & Co., 1936
Vydání: Zweite, neubearbeitete Aufl.
Edice: Sammlung Göschen
Témata:
Fyzický popis: 117 stran : ilustrace ; 16 cm
Knihy
Uloženo v:
LEADER 01112nam a22003137i 4500
001 001839741
003 CZ BrMZK
005 20221125134729.0
007 ta
008 221108s1936 gw a er|||||||||||ger d
040 |a BOA001  |b cze  |e rda 
072 7 |a 632  |x Ochrana rostlin. Fytopatologie  |2 Konspekt  |9 24 
080 |a 632.934  |2 MRF 
100 1 |a Vogt, Ernst,  |d 1890-1972  |7 mzk20221169590  |4 aut 
245 1 4 |a Die chemischen Pflanzenschutzmittel :  |b ihre Anwendung und Wirkung /  |c von Ernst Vogt 
250 |a Zweite, neubearbeitete Aufl. 
264 1 |a Berlin ;  |a Leipzig :  |b Walter de Gruyter & Co.,  |c 1936 
300 |a 117 stran :  |b ilustrace ;  |c 16 cm 
336 |a text  |b txt  |2 rdacontent 
337 |a bez média  |b n  |2 rdamedia 
338 |a svazek  |b nc  |2 rdacarrier 
490 1 |a Sammlung Göschen ;  |v 923 
504 |a Obsahuje bibliografii a rejstřík 
650 0 7 |a chemická ochrana rostlin  |7 ph153411  |2 czenas 
830 0 |a Sammlung Göschen 
910 |a BOA001  |b 1-0063.221,923 
990 |a BK 
991 |b 202210 
996 7 |b 2618740840  |c 1-0063.221,923  |l MZK  |r Sklad / do 1 hodiny  |n 0  |w 001904736  |u 000010  |a 1  |e BOA001  |j MZK50  |s A